000 00623cam a2200205 4500
001 J1335
008 090401t1993 xxu||||| |||| 00| 0 eng d
035 _a(Sirsi) u42966
041 _aeng
050 _a691.0212
110 _aUnited Kingdom
_bDepartment of the Environment
_9982
245 _aMonthly statistics of building materials and components. - January - December 1993
260 _aLondon
_bDepartment of the Environment
_c1993
300 _a12 pt. in one volume ; 30cm.
350 _a0
650 _aBUILT ENVIRONMENT-BUILDING MATERIALS
690 _aBUILT ENVIRONMENT
942 _n0
948 _c04/03/1997
999 _c91218
_d91218